| 000 | 00964ngm a22003250a 4500 | ||
|---|---|---|---|
| 001 | PT13978 | ||
| 003 | AR-LpoUNG | ||
| 005 | 20210202000516.0 | ||
| 007 | vd cvaizq | ||
| 008 | 191001s1998||||ag |||||||||||||||||spa d | ||
| 040 |
_aAR-LpoUNG _bspa _cAR-LpoUNG _eaacr |
||
| 041 | _aspa | ||
| 044 | _aag | ||
| 082 | 0 | _a909.8 591v4 | |
| 245 | 1 | 0 |
_a1921-1929 : _blos años locos : del Moulin Rouge a Gardel en París |
| 260 |
_aBuenos Aires : _bArte Gráfico Editorial Argentino, _c1998. |
||
| 300 | _aVHS (35 min.) : son., col. | ||
| 520 | _aSumario: Juegos olímpicos; Inmigración en la Argentina; Gardel en París; La nueva Literatura; Tita Merello; Boca conquista Europa. | ||
| 650 | 4 | _aARGENTINA | |
| 650 | 4 | _aAUTORITARISMO | |
| 650 | 4 | _aBIOGRAFIAS | |
| 650 | 4 | _aEUROPA | |
| 650 | 4 | _aINMIGRACION | |
| 650 | 4 | _aINMIGRANTES | |
| 650 | 4 | _aLITERATURA | |
| 653 | _aVIDEOS | ||
| 710 | 2 | _aClarín (Buenos Aires) | |
| 905 | _a13978 | ||
| 942 | _cVIDEO | ||
| 999 |
_c54987 _d54987 |
||